01291nam a2200313Ia 4500001001200000003000800012006001900020007001500039008004100054010001700095020001800112040002100130035002100151050002400172245014600196260006000342300001500402504005100417533015200468650002900620650003500649650005100684651003500735655002900770700002000799710001700819856012600836999001500962ebr10273827CaPaEBRm u cr cn|||||||||080821s2009 enk sb 001 0 eng d z 2008036688 z9780754674351 aCaPaEBRcCaPaEBR a(OCoLC)31810086814aJV8198b.C66 2009eb00aComplying with colonialismh[electronic resource] :bgender, race and ethnicity in the Nordic region /cedited by Suvi Keskinen ... [et al.]. aFarnham, England ;aBurlington, VT. :bAshgate,cc2009. aix, 276 p. aIncludes bibliographical references and index. aElectronic reproduction.bPalo Alto, Calif. :cebrary,d2011.nAvailable via World Wide Web.nAccess may be limited to ebrary affiliated libraries. 0aImmigrantszScandinavia. 0aWomen immigrantszScandinavia. 0aSex discrimination against womenzScandinavia. 0aScandinaviaxEthnic relations. 7aElectronic books.2local1 aKeskinen, Suvi.2 aebrary, Inc.40uhttp://site.ebrary.com/lib/rucke/Doc?id=10273827zAn electronic book accessible through the World Wide Web; click to view c6412d6412